A Ramble in Aphasia= incursión en la amnesia : the caballero´s way= la venganza de Cisco Kid / (Record no. 28074)

MARC details
000 -LEADER
campo de control de longitud fija 00656nam a22002177a 4500
001 - NÚMERO DE CONTROL
campo de control 00028061
005 - FECHA Y HORA DE LA ÚLTIMA TRANSACCIÓN
campo de control 20260204092030.0
008 - DATOS DE LONGITUD FIJA--INFORMACIÓN GENERAL
campo de control de longitud fija 260204b ag ||||| |||| 00| 0 spa d
020 ## - NÚMERO INTERNACIONAL ESTÁNDAR DEL LIBRO
Número Internacional Estándar del Libro 9789870704010
040 ## - FUENTE DE CATALOGACIÓN
Centro catalogador/agencia de origen AR-CcCEOS
Lengua de catalogación Inglés
Centro/agencia transcriptor AR-CcCEOS
041 ## - CÓDIGO DE IDIOMA
Código de lengua del texto/banda sonora o título independiente Inglés
080 ## - NÚMERO DE LA CLASIFICACIÓN DECIMAL UNIVERSAL
Número de la Clasificación Decimal Universal 820-3(73)=60=20
090 ## - LOCALMENTE ASIGNADO TIPO-LC NÚMERO DE CLASIFICACIÓN (OCLC); NÚMERO DE CLASIFICACIÓN LOCAL (RLIN)
Número cutter local (OCLC) ; Número de libro/Signatura topográfica íntegra, CALL (RLIN) HEN
100 1# - ENTRADA PRINCIPAL--NOMBRE DE PERSONA
Nombre de persona Henry, O.,
Fechas asociadas al nombre 1862-1910
9 (RLIN) 349
245 ## - MENCIÓN DEL TÍTULO
Título A Ramble in Aphasia= incursión en la amnesia : the caballero´s way= la venganza de Cisco Kid /
Mención de responsabilidad, etc. O. Henry
250 ## - MENCION DE EDICION
Mención de edición 1ª ed.
260 ## - PUBLICACIÓN, DISTRIBUCIÓN, ETC.
Lugar de publicación, distribución, etc. Buenos Aires :
Nombre del editor, distribuidor, etc. arte gráfico,
Fecha de publicación, distribución, etc. 2008.
300 ## - DESCRIPCIÓN FÍSICA
Extensión 64 p. ;
Dimensiones 20x13 cm.
490 ## - MENCIÓN DE SERIE
Designación de volumen o secuencia Libros bilingues clarin; 35
942 ## - ELEMENTOS DE ENTRADA SECUNDARIOS (KOHA)
Fuente de la clasificación o esquema de estantería Clasificación decimal universal
Tipo de ítem Koha Libros
Suprimir en OPAC No
Holdings
Estatus retirado Estado de pérdida Fuente de la clasificación o esquema de estantería Estado de daño No para préstamo Biblioteca de origen Biblioteca actual Fecha de adquisición Número de inventario Total de préstamos Signatura topográfica completa Información codificada de la localización en otra ubicación Colección Código de barras Visto por última vez Precio de reemplazo Tipo de ítem Koha
    Clasificación decimal universal     Biblioteca Julio Serebrinsky Biblioteca Julio Serebrinsky 04/02/2026 44729   820-3(73)=60=20 HEN SER 44729 04/02/2026 04/02/2026 Libros